Valuation of Life Insurance Contracts with Supplement Insurance - An Approach in the Context of IFRS 17

Návrh modelu na oceňovanie portfólia termínovaných poistných zmlúv s doplnkovým poistením, ktoré kryje kritické ochorenia. Výška poistného závisí od výberu adekvátnych poistno-matematických predpokladov, ktoré podrobne opisujú poistno-matematické predpoklady a ich výber. Hlavným výstupom článku je k...

Ausführliche Beschreibung

Gespeichert in:
Bibliographische Detailangaben
1. Verfasser: Zelinová, Silvia, 1987-
Weitere Verfasser: Špirková, Jana, Kamenárová, Mária
Format: Buchkapitel
Sprache:Englisch
Schlagworte:
Tags: Tag hinzufügen
Keine Tags, Fügen Sie das erste Tag hinzu!

MARC

LEADER 00000naa$a2200000$$$4500
001 0311747
005 20250730113703.7
041 0 |a eng 
044 |a HR 
245 1 0 |a Valuation of Life Insurance Contracts with Supplement Insurance - An Approach in the Context of IFRS 17  |c Silvia Zelinová, Jana Špirková, Mária Kamenárová 
520 |a Návrh modelu na oceňovanie portfólia termínovaných poistných zmlúv s doplnkovým poistením, ktoré kryje kritické ochorenia. Výška poistného závisí od výberu adekvátnych poistno-matematických predpokladov, ktoré podrobne opisujú poistno-matematické predpoklady a ich výber. Hlavným výstupom článku je kompletné oceňovanie produktu s doplnkovým poistením v kontexte oceňovania podľa IFRS 17. 
610 2 0 |a poistenie 
610 2 0 |a chorobnosť 
610 2 0 |a IFRS 
610 2 0 |a oceňovanie 
610 2 0 |a oceňovanie ekonomické 
610 2 0 |a zmluvy 
610 2 0 |a marža 
610 2 0 |a riziko 
610 2 0 |a riziko poistné 
100 1 |a Zelinová, Silvia, 1987- 
700 1 |a Špirková, Jana 
700 1 |a Kamenárová, Mária